[Event "TCh-FRA Top 12 2012"]
[Site "Belfort FRA"]
[Date "2012.06.01"]
[Round "2.1"]
[White "Van Wely,L"]
[Black "Bacrot,E"]
[Result "1/2-1/2"]
[WhiteElo "2682"]
[BlackElo "2695"]

1.c4 g6 2.Nf3 Bg7 3.e4 d6 4.d4 Nf6 5.Nc3 O-O 6.Be2 e5 7.O-O Nc6 8.d5 Ne7
9.b4 Nh5 10.g3 f5 11.Ng5 Nf6 12.f3 f4 13.b5 fxg3 14.hxg3 h6 15.Ne6 Bxe6 16.dxe6 Qc8
17.Nd5 Qxe6 18.Nxc7 Qh3 19.Rf2 Rac8 20.Rh2 Qxg3+ 21.Rg2 Qh3 22.Qxd6 Rf7 23.c5 Nf5
24.exf5 Rfxc7 25.c6 Qxf5 26.Bc4+ Kh7 27.Be6 Qxf3 28.Bxc8 Rxc8 29.cxb7 Qxb7
30.Be3 Qxb5 31.Bxa7 Rc4 32.Qd1 Nd5 33.a4 Qb7 34.Bf2 Nf4 35.Rg3 Qe4 36.Ra2 Nh5
37.Re3 Qf5 38.a5 Rg4+ 39.Kf1 Rd4 40.Qb3 Nf4 41.Rg3 Rd3 42.Rxd3 Nxd3 43.a6 Qh3+
44.Kg1 Qg4+ 45.Kf1 Qh3+  1/2-1/2

[Event "1st Euro 2012 Open"]
[Site "Lviv UKR"]
[Date "2012.06.01"]
[Round "7"]
[White "Rastropin,Yuriy"]
[Black "Guivan,V"]
[Result "0-1"]
[WhiteElo "1791"]
[BlackElo "2146"]

1.d4 Nf6 2.Nf3 g6 3.c4 Bg7 4.Nc3 O-O 5.e4 d6 6.Be2 e5 7.O-O Nc6 8.d5 Ne7
9.b4 a5 10.bxa5 Nh5 11.Re1 f5 12.Ng5 Nf4 13.Bf3 h6 14.Ne6 Nxe6 15.dxe6 Bxe6
16.Nd5 Nxd5 17.cxd5 Bd7 18.Bd2 Kh7 19.Qb3 Rb8 20.Rec1 fxe4 21.Bxe4 Qh4 22.Qe3 Rfc8
23.Rab1 Bf5 24.Bxf5 gxf5 25.Qa7 f4 26.f3 e4 27.Rc4 exf3 28.Rxf4 Qg5 29.Qf2 Qxd5
30.Qxf3 Qxd2 31.Qe4+ Kh8 32.Rff1 Re8 33.Qg6 Qe3+ 34.Kh1  0-1

[Event "1st Euro 2012 Open"]
[Site "Lviv UKR"]
[Date "2012.06.01"]
[Round "8"]
[White "Najgebauer,S"]
[Black "Firman,N"]
[Result "1-0"]
[WhiteElo "2222"]
[BlackElo "2563"]

1.d4 Nf6 2.Nf3 g6 3.c4 Bg7 4.Nc3 O-O 5.e4 d6 6.Be2 e5 7.O-O Nc6 8.d5 Ne7
9.b4 a5 10.Ba3 axb4 11.Bxb4 Ne8 12.a4 c5 13.dxc6 bxc6 14.c5 d5 15.exd5 cxd5
16.c6 d4 17.Ne4 Be6 18.Nc5 Bd5 19.Nd7 Nxc6 20.Bxf8 Qxd7 21.Bxg7 Nxg7 22.Bb5 Qd6
23.Re1 f6 24.Nd2 Ne6 25.Nc4 Qd8 26.f3 Na7 27.Nd2 Kg7 28.Bc4 Nc6 29.Bxd5 Qxd5
30.Qb3 Qxb3 31.Nxb3 Nf4 32.g3 Nd5 33.Nc5 Nc3 34.Ne4 Rxa4 35.Rxa4 Nxa4 36.Rc1 Ne7
37.Rc7 Kf7 38.Rb7 h6 39.f4 f5 40.Nd6+ Ke6 41.fxe5 Nc5 42.Rc7 d3 43.Nc4 Ne4
44.Kf1 f4 45.gxf4 Nd5 46.Rc6+ Kf5 47.Nd6+ Kxf4 48.Nxe4 Kxe4 49.e6 Ke5 50.Ke1 h5
51.Kd2 g5  1-0

[Event "Albena Masters Open 2012"]
[Site "Albena BUL"]
[Date "2012.06.02"]
[Round "8.49"]
[White "Rouhani,F"]
[Black "Nancheva,Doroteya"]
[Result "1-0"]
[WhiteElo "2009"]
[BlackElo "1802"]

1.d4 Nf6 2.c4 g6 3.Nc3 Bg7 4.e4 d6 5.Nf3 O-O 6.Be2 e5 7.O-O Nc6 8.d5 Ne7
9.b4 Nh5 10.Re1 Nf4 11.Bf1 f5 12.Bxf4 exf4 13.e5 dxe5 14.Nxe5 a5 15.b5 Qd6
16.c5 Qxc5 17.Rc1 Qd6 18.Nc4 Qf6 19.Qe2 Kf7 20.d6 cxd6 21.Nb6 Be6 22.Qf3 Qd4
23.Rxe6 Kxe6 24.Bc4+ Kf6 25.Nd7+ Kg5 26.Nxf8 Rxf8 27.Qxb7 Bf6 28.Ne2 Qd2
29.Qf3 Rc8 30.b6 Rxc4 31.h4+ Kh6 32.Rxc4 Qxa2 33.b7 Qb1+ 34.Rc1 Qb6 35.Rc8  1-0

[Event "TCh-FRA Top 12 2012"]
[Site "Belfort FRA"]
[Date "2012.06.04"]
[Round "5.1"]
[White "Meier,Geo"]
[Black "Feller,S"]
[Result "1-0"]
[WhiteElo "2637"]
[BlackElo "2640"]

1.Nf3 Nf6 2.c4 g6 3.Nc3 Bg7 4.e4 d6 5.d4 O-O 6.Be2 e5 7.O-O Nc6 8.d5 Ne7
9.Ne1 Nd7 10.Nd3 f5 11.f3 f4 12.Bd2 Nf6 13.Rc1 g5 14.c5 Ng6 15.Nb5 Rf7 16.Ba5 b6
17.cxd6 cxd6 18.Bb4 Ne8 19.Rc6 Bf8 20.a4 a6 21.Na3 Bd7 22.Rc1 h5 23.Be1 Rg7
24.Nb4 g4 25.fxg4 Qg5 26.Nc4 hxg4 27.Nxb6 f3 28.Bd3 g3 29.Rxf3 gxh2+ 30.Kh1 Bg4
31.Rg3 Nf6 32.Nxa8 Nf4 33.Qd2 N6h5 34.Rc2 Nxg3+ 35.Bxg3 Bh3 36.Bxf4 Bxg2+
37.Qxg2 Qxf4 38.Rf2 Qe3 39.Qf3 Qc1+ 40.Bf1  1-0

[Event "1st Grand Europe Open"]
[Site "Golden Sands BUL"]
[Date "2012.06.04"]
[Round "1.51"]
[White "Bozzali,E"]
[Black "Wan Yunguo"]
[Result "0-1"]
[WhiteElo "2068"]
[BlackElo "2456"]

1.d4 Nf6 2.Nf3 g6 3.c4 Bg7 4.Nc3 O-O 5.e4 d6 6.Be2 e5 7.O-O Nc6 8.d5 Ne7
9.b4 a5 10.Ba3 Nd7 11.Nd2 f5 12.f3 Bh6 13.Nb3 axb4 14.Bxb4 b6 15.a4 Nf6 16.Qd3 fxe4
17.fxe4 Ng4 18.Rxf8+ Qxf8 19.Bxg4 Bxg4 20.Nb5 Qf6 21.Rf1 Qg5 22.Bd2 Qh5 23.h3 Be2
24.g4 Bxd3 25.gxh5 Bxf1 26.Bxh6 Bxc4 27.Nd2 Bxb5 28.axb5 Ra5 29.Bg5 Kf7 30.hxg6+ hxg6
31.Kf2 Rxb5 32.Ke2 Ra5 33.h4 b5 34.Kd3 Ra3+ 35.Kc2 Ra4 36.Kb3 c6 37.Bxe7 Kxe7
38.dxc6 Kd8 39.Nb1 Rxe4 40.Nc3 Re3 41.Kb4 Rxc3  0-1

[Event "10th IM Int"]
[Site "Sao Jose do Rio Preto BRA"]
[Date "2012.06.05"]
[Round "8.1"]
[White "Abdalla,L"]
[Black "Roselli Mailhe,B"]
[Result "0-1"]
[WhiteElo "2333"]
[BlackElo "2419"]

1.d4 Nf6 2.c4 g6 3.Nc3 Bg7 4.e4 d6 5.Nf3 O-O 6.Be2 e5 7.O-O Nc6 8.d5 Ne7
9.Ne1 Ne8 10.Be3 f5 11.f3 f4 12.Bf2 h5 13.c5 g5 14.a4 Kh8 15.cxd6 cxd6 16.a5 Ng8
17.Nb5 a6 18.Bb6 Qe7 19.Na7 Bd7 20.b4 Nh6 21.b5 axb5 22.Bxb5 g4 23.Bxd7 Qxd7
24.Qa4 Qf7 25.Rc1 Rg8 26.Nb5 Bf6 27.Nc7 Rc8 28.a6 bxa6 29.Qa5 Bd8 30.Qxa6 Bxc7
31.Qxc8 Bxb6+ 32.Kh1 Be3 33.Rc6 Qg7 34.Rc2 Nf6 35.Qe6 gxf3 36.Qxd6 f2 37.Qxe5 fxe1=Q
38.Rxe1 Nhg4 39.Qb2 Nxe4 40.Qxg7+ Rxg7 41.Rb1 f3 42.d6 Ngf2+ 43.Kg1 fxg2  0-1

[Event "1st Grand Europe Open"]
[Site "Golden Sands BUL"]
[Date "2012.06.06"]
[Round "3.36"]
[White "Kigel,D"]
[Black "Cheparinov,I"]
[Result "0-1"]
[WhiteElo "2233"]
[BlackElo "2673"]

1.d4 Nf6 2.c4 g6 3.Nc3 Bg7 4.e4 d6 5.Nf3 O-O 6.Be2 e5 7.O-O Nc6 8.d5 Ne7
9.Ne1 Nd7 10.Be3 f5 11.f3 f4 12.Bf2 g5 13.Nd3 Ng6 14.c5 Nf6 15.Rc1 Rf7 16.a4 h5
17.a5 g4 18.c6 g3 19.hxg3 fxg3 20.Bxg3 h4 21.Bh2 Nh5 22.Rf2 Bh6 23.Bf1 Rg7
24.Qe1 bxc6 25.Rcc2 c5 26.Nd1 Qg5 27.Rc3 Rb8 28.Rfc2 Bd7 29.b3 Rf8 30.N3f2 Ngf4
31.Ne3 Nh3+ 32.Nxh3 Bxh3 33.Nf5 Bxf5 34.exf5 Ng3 35.b4 cxb4 36.Rxc7 Qe3+
37.Qf2 Rxc7 38.Rxc7 Qa3  0-1

[Event "Victory Day 2012"]
[Site "Moscow RUS"]
[Date "2012.06.06"]
[Round "5.5"]
[White "Reshetnikov,Al"]
[Black "Khruschiov,A"]
[Result "0-1"]
[WhiteElo "2521"]
[BlackElo "2421"]

1.c4 g6 2.Nf3 Bg7 3.d4 Nf6 4.Nc3 O-O 5.e4 d6 6.Be2 e5 7.O-O Nc6 8.d5 Ne7
9.Ne1 Ne8 10.f3 f5 11.g4 Nf6 12.Nd3 h6 13.gxf5 gxf5 14.Kh1 f4 15.Rg1 Kh7
16.Bd2 Nh5 17.Be1 Bf6 18.c5 Ng6 19.Rc1 Bh4 20.Bf1 Rf7 21.b4 a6 22.a4 Bd7
23.a5 Qf6 24.c6 bxc6 25.dxc6 Bxc6 26.Bh3 Bxe1 27.Qxe1 Qh4 28.Bg4 Qxe1 29.Nxe1 Ng7
30.Nd5 Bxd5 31.exd5 Nh4 32.Ng2 Nhf5 33.Rc4 Ra7 34.Rgc1 Kg8 35.Kg1 Kf8 36.Kf2 Ke8
37.Rb1 Nd4 38.Rxd4 exd4 39.Rd1 h5 40.Bh3 Nf5 41.Nxf4 Rb7 42.Ne6 Nh4 43.Ng5 Rxb4
44.Nxf7 Kxf7 45.Kg3 Ng6 46.Bf1 Ne7 47.Bxa6 Nxd5 48.Ra1 h4+ 49.Kf2 Rb2+ 50.Kg1 Nb4
51.Bc4+ Kf6 52.a6 Nxa6 53.Rxa6 Rc2 54.Rc6 d3 55.Kf1 Rc1+  0-1

[Event "4th Rheinland-Pfalz Open 2012"]
[Site "Altenkirchen GER"]
[Date "2012.06.08"]
[Round "4.11"]
[White "Heimann,An"]
[Black "Von den Steinen,B"]
[Result "1-0"]
[WhiteElo "2487"]
[BlackElo "2147"]

1.d4 Nf6 2.c4 g6 3.Nc3 Bg7 4.e4 d6 5.Nf3 O-O 6.Be2 e5 7.O-O Nc6 8.d5 Ne7
9.Ne1 Nd7 10.Nd3 f5 11.Bd2 Nf6 12.f3 f4 13.c5 g5 14.Rc1 h5 15.cxd6 cxd6 16.Nb5 Qb6+
17.Nf2 Ne8 18.Qb3 Qd8 19.Rc2 a6 20.Nc7 Nxc7 21.Ba5 Qe8 22.Rxc7 Bf6 23.Qa3 Ng6
24.Bb4 Bd8 25.Rc2 g4 26.fxg4 Bb6 27.Bxd6 hxg4 28.Bxf8 Nxf8 29.Qd6 Bd4 30.Kh1 Qh5
31.Qf6 f3 32.Rc7 Bd7 33.gxf3 g3 34.Ng4 Rc8 35.Qh6 Qxh6 36.Nxh6+ Kh7 37.Rxc8 Bxc8
38.Ng4  1-0

[Event "FSFMA June 2012"]
[Site "Budapest HUN"]
[Date "2012.06.09"]
[Round "7.5"]
[White "Farkas,Las"]
[Black "Darazs,Z"]
[Result "1/2-1/2"]
[WhiteElo "1930"]
[BlackElo "2136"]

1.d4 Nf6 2.c4 g6 3.Nc3 Bg7 4.e4 d6 5.Nf3 O-O 6.Be2 e5 7.O-O Nc6 8.d5 Ne7
9.b4 Re8 10.a4 c6 11.dxc6 bxc6 12.Nd2 d5 13.exd5 cxd5 14.cxd5 Nexd5 15.Nde4 Nxe4
16.Nxe4 f5 17.Nc5 e4  1/2-1/2

[Event "TCh-NOR Clubs 2012"]
[Site "Fagernes NOR"]
[Date "2012.06.10"]
[Round "5"]
[White "Ostenstad,B"]
[Black "Haugli,P"]
[Result "1-0"]
[WhiteElo "2484"]
[BlackElo "2305"]

1.d4 Nf6 2.Nf3 g6 3.c4 Bg7 4.Nc3 O-O 5.e4 d6 6.Be2 e5 7.O-O Nc6 8.d5 Ne7
9.b4 a5 10.Ba3 b6 11.bxa5 Rxa5 12.Bb4 Ra6 13.a4 Nh5 14.Re1 Nf4 15.Bf1 f5
16.Nd2 c5 17.dxc6 Nxc6 18.Ba3 Nd4 19.Nb5 Rf6 20.Nxd4 exd4 21.g3 Ne6 22.Bxd6 Nc5
23.e5 Rxd6 24.exd6 Be6 25.Rxe6 Nxe6 26.c5 Nxc5 27.Bxa6 Nxa6 28.Qb3+ Kf8 29.Nc4  1-0

[Event "1st Grand Europe Open"]
[Site "Golden Sands BUL"]
[Date "2012.06.10"]
[Round "7.16"]
[White "Atalik,S"]
[Black "Wan Yunguo"]
[Result "0-1"]
[WhiteElo "2608"]
[BlackElo "2456"]

1.d4 Nf6 2.c4 g6 3.Nc3 Bg7 4.e4 d6 5.Nf3 O-O 6.Be2 e5 7.O-O Nc6 8.d5 Ne7
9.b4 a5 10.Ba3 Nd7 11.bxa5 Rxa5 12.Bb4 Ra6 13.a4 f5 14.c5 dxc5 15.Ba3 Ra5
16.Nd2 Ra8 17.Bf3 Kh8 18.Re1 b6 19.Nb5 Nf6 20.exf5 Nfxd5 21.f6 Rxf6 22.Bb2 c6
23.Na3 Nf5 24.Bxe5 Rf8 25.Bxg7+ Kxg7 26.Nac4 Nd4 27.Ra3 Bf5 28.Be4 b5 29.axb5 Rxa3
30.Nxa3 Nc3 31.Qa1 Nxe4 32.Nxe4 Bxe4 33.Rxe4 Qf6 34.Qe1 cxb5 35.f3 Rf7 36.h3 Qg5
37.Kh1 Nxf3 38.Qc3+ Nd4 39.Nxb5 Rf2 40.Rg4 Qe5 41.Rg3 Rc2 42.Qd3 Qe1+ 43.Kh2 Ne2  0-1

[Event "1st Grand Europe Open"]
[Site "Golden Sands BUL"]
[Date "2012.06.10"]
[Round "7.53"]
[White "Tscharotschkin,M"]
[Black "Zhang Xiaowen"]
[Result "0-1"]
[WhiteElo "2192"]
[BlackElo "2385"]

1.d4 Nf6 2.c4 g6 3.Nc3 Bg7 4.e4 d6 5.Nf3 O-O 6.Be2 e5 7.O-O Nc6 8.d5 Ne7
9.Ne1 Nd7 10.Be3 f5 11.f3 f4 12.Bf2 g5 13.Nd3 Nf6 14.c5 Ng6 15.Rc1 Rf7 16.Nb5 h5
17.cxd6 cxd6 18.Nxa7 Bd7 19.Qb3 g4 20.Bb6 Qe7 21.Rc7 g3 22.Rxb7 Nh7 23.h3 Qh4
24.Rxd7 Rxd7 25.Rc1 Bf8 26.Nc6 Rg7 27.Kf1 Qf6 28.a4 Nh4 29.a5 Ng5 30.Kg1 Qg6
31.Bd8 Qe8 32.Bxg5 Rxg5 33.Qc4 Be7 34.b4 Bd8 35.Qc3 Rg7 36.b5 Bxa5 37.Nxa5 Qxb5
38.Nc6 Ra2 39.Rd1 Qb6+ 40.Kh1 Qe3 41.Bf1 Nxf3  0-1

[Event "1st Grand Europe Open"]
[Site "Golden Sands BUL"]
[Date "2012.06.10"]
[Round "7.4"]
[White "Tikkanen,H"]
[Black "Grigoryan,K2"]
[Result "1-0"]
[WhiteElo "2566"]
[BlackElo "2517"]

1.c4 Nf6 2.Nc3 g6 3.d4 Bg7 4.e4 d6 5.Nf3 O-O 6.Be2 e5 7.O-O Nc6 8.d5 Ne7
9.Ne1 Nd7 10.Bd2 f5 11.Nd3 Nf6 12.f3 c6 13.b4 cxd5 14.cxd5 Qb6+ 15.Nf2 Bd7
16.Qb3 Rac8 17.Nd1 f4 18.Nb2 Qd8 19.Rfc1 g5 20.Nc4 Ne8 21.b5 Ng6 22.b6 Ra8
23.bxa7 Rxa7 24.Nb6 h5 25.Nxd7 Qxd7 26.Qb6 Ra8 27.Bb5 Qe7 28.Bxe8 Rfxe8 29.Rc7 Qd8
30.a4 g4 31.fxg4 hxg4 32.Nxg4 Nh4 33.h3 Qg5 34.Qxd6 Nxg2 35.Kxg2 f3+ 36.Kh1 Qxd2
37.Rg1 Ra6 38.Qd7  1-0

[Event "11th TCh-BIH Premier"]
[Site "Jahorina BIH"]
[Date "2012.06.10"]
[Round "9.1"]
[White "Berkes,F"]
[Black "Popovic,Du"]
[Result "1-0"]
[WhiteElo "2696"]
[BlackElo "2548"]

1.d4 Nf6 2.c4 g6 3.Nc3 Bg7 4.e4 d6 5.Nf3 O-O 6.Be2 e5 7.O-O Nc6 8.d5 Ne7
9.Nd2 Ne8 10.b4 f5 11.c5 Nf6 12.a4 f4 13.Nc4 g5 14.Nb5 Ne8 15.Bg4 Ng6 16.Bxc8 Rxc8
17.Qg4 a6 18.cxd6 axb5 19.d7 Ra8 20.dxe8=Q Qxe8 21.Na5 b6 22.Nc6 bxa4 23.b5 h6
24.Bb2 Rf6 25.Ra2 Bf8 26.h4 a3 27.hxg5 Rxc6 28.bxc6 axb2 29.Rxa8 Qxa8 30.Qe6+ Kh7
31.Qf7+ Bg7 32.d6 Qxc6 33.d7 Qc1 34.d8=Q Qxf1+ 35.Kh2 Qh1+ 36.Kxh1 b1=Q+
37.Kh2  1-0

[Event "Server24Chess 2012"]
[Site "Ortisei ITA"]
[Date "2012.06.10"]
[Round "9"]
[White "Van Heirzeele,D"]
[Black "Roesch,Mario"]
[Result "1/2-1/2"]
[WhiteElo "2160"]
[BlackElo "1980"]

1.d4 Nf6 2.c4 g6 3.Nc3 Bg7 4.e4 d6 5.Nf3 O-O 6.Be2 e5 7.O-O Nc6 8.d5 Ne7
9.Be3 Nd7 10.Nd2 f5  1/2-1/2

[Event "26th Pula Open"]
[Site "Pula CRO"]
[Date "2012.06.12"]
[Round "4.24"]
[White "Tratar,M"]
[Black "Karabaic,I"]
[Result "1-0"]
[WhiteElo "2503"]
[BlackElo "2148"]

1.d4 Nf6 2.Nf3 g6 3.c4 Bg7 4.Nc3 O-O 5.e4 d6 6.Be2 e5 7.O-O Nc6 8.d5 Ne7
9.Nd2 a5 10.a3 Nd7 11.Rb1 f5 12.b4 axb4 13.axb4 Kh8 14.Qc2 Ng8 15.f3 f4 16.Nb5 Ndf6
17.c5 Ne8 18.Bb2 g5 19.Ra1 Rb8 20.Na7 Bd7 21.b5 Ngf6 22.c6 bxc6 23.Nxc6 Bxc6
24.Qxc6 Rg8 25.Ra3 Bf8 26.Rfa1 Qd7 27.Ra8 Rxa8 28.Rxa8 Rg7 29.Qxd7 Rxd7 30.b6 cxb6
31.Bb5 Rc7 32.Bc6 Kg7 33.Nc4 b5 34.Na3 b4 35.Nb5 Re7 36.Rd8 Kf7 37.Kf1 g4
38.Ke2 h5 39.Kd3 h4 40.h3 g3 41.Bxe8+ Rxe8 42.Nxd6+ Bxd6 43.Rxd6 Ng4 44.fxg4 f3
45.Rc6 fxg2 46.Rc1 Kg6 47.Rg1 Rf8 48.Rxg2 Rf3+ 49.Ke2 Rf4 50.Ke3 Rf1 51.Bxe5 Re1+
52.Kd3 Rd1+ 53.Kc4 Re1 54.d6 Kf7 55.Kd5 Rd1+ 56.Bd4  1-0

[Event "26th Pula Open"]
[Site "Pula CRO"]
[Date "2012.06.14"]
[Round "7.13"]
[White "Zierke,O"]
[Black "Yakunin,A"]
[Result "0-1"]
[WhiteElo "2263"]
[BlackElo "2351"]

1.d4 Nf6 2.Nf3 g6 3.c4 Bg7 4.Nc3 O-O 5.e4 d6 6.Be2 e5 7.O-O Nc6 8.d5 Ne7
9.Ne1 Nd7 10.Be3 f5 11.f3 f4 12.Bf2 g5 13.Rc1 Ng6 14.c5 Nxc5 15.b4 Na6 16.Nd3 Rf7
17.a4 Bf8 18.Nb5 Bd7 19.Nxa7 Qb8 20.Nb5 h5 21.Rc4 Rg7 22.Kh1 Be7 23.Qc1 Nf8
24.g3 fxg3 25.Bxg3 Bd8 26.Rg1 Be8 27.Bf2 Bf6 28.Bf1 Qd8 29.Bh3 Bd7 30.Bxd7 Qxd7
31.Be3 Nh7 32.Rc2 Kh8 33.Nc3 c6 34.dxc6 bxc6 35.Ne2 Nb8 36.a5 d5 37.Nc5 Qf7
38.Ng3 g4 39.Nf5 Rg6 40.fxg4 hxg4 41.Qd1 Nd7 42.Nh6 Qe8 43.exd5 Nxc5 44.Rxc5 Bg7
45.Nf5 Rd8 46.Nxg7 Kxg7 47.Rxg4 cxd5 48.Rc7+ Kh8 49.Rh4 Rd7 50.Rxd7 Qxd7
51.Qf3 d4 52.Qf8+ Rg8 53.Qf6+ Rg7 54.Bd2 Qd5+  0-1

[Event "16th Voronezh Master Open"]
[Site "Voronezh RUS"]
[Date "2012.06.14"]
[Round "3.36"]
[White "Tihonov,J"]
[Black "Komiagina,M"]
[Result "1/2-1/2"]
[WhiteElo "2446"]
[BlackElo "2244"]

1.d4 Nf6 2.c4 g6 3.Nc3 Bg7 4.e4 d6 5.Nf3 O-O 6.Be2 e5 7.O-O Nc6 8.d5 Ne7
9.b4 a5 10.Ba3 axb4 11.Bxb4 Nd7 12.a4 Bh6 13.a5 f5 14.Bd3 Nf6 15.c5 fxe4
16.cxd6 cxd6 17.Nxe4 Nxe4 18.Bxe4 Bg4 19.Re1 Rc8 20.Qb3 Bxf3 21.Bxf3 Nf5
22.Be4 Qh4 23.Ra2 Nd4 24.Qd3 Rf6 25.Bc3 Nb3 26.Bxe5 Rc1 27.Rxc1 Nxc1 28.Bxf6 Qxf6
29.Qc4 Nxa2 30.Qxa2 Qc3 31.Kf1 Qd2 32.Qb1 Bg7 33.h4 Bd4 34.Qc2 Qxc2 35.Bxc2 Bc3
36.f4 Bxa5 37.Bd3 Kg7 38.Ke2 Bc3 39.Kf3 Bb2 40.g4 Bc3  1/2-1/2

[Event "16th Voronezh Master Open"]
[Site "Voronezh RUS"]
[Date "2012.06.18"]
[Round "6.14"]
[White "Zakhartsov,Vi"]
[Black "Ulko,J"]
[Result "1-0"]
[WhiteElo "2562"]
[BlackElo "2460"]

1.d4 Nf6 2.c4 g6 3.Nc3 Bg7 4.e4 d6 5.Nf3 O-O 6.Be2 e5 7.O-O Nc6 8.d5 Ne7
9.b4 a5 10.Ba3 axb4 11.Bxb4 Nd7 12.a4 Bh6 13.a5 f5 14.Bd3 Nf6 15.c5 Kh8 16.Re1 fxe4
17.cxd6 cxd6 18.Nxe4 Nxe4 19.Bxe4 Bf5 20.Qd3 Qd7 21.Rab1 Rf7 22.Bc3 Kg8 23.Rb3 Rc8
24.Reb1 Qa4 25.Bxf5 Nxf5 26.Nd2 Bxd2 27.Bxd2 e4 28.Qb5 Qd4 29.Be1 e3 30.Qd3 exf2+
31.Bxf2 Qf4 32.Rc3 Rfc7 33.Rxc7 Rxc7 34.g3 Qg5 35.Qe4 Re7 36.Qc4 Qd2 37.Rxb7 Qxa5
38.Qc8+ Kf7 39.Qe6+ Kf8 40.Qf6+  1-0

[Event "Teplice Open 2012"]
[Site "Teplice CZE"]
[Date "2012.06.19"]
[Round "4.30"]
[White "Vales,V"]
[Black "Cenek,M2"]
[Result "1-0"]
[WhiteElo "2179"]
[BlackElo "1900"]

1.d4 Nf6 2.Nf3 g6 3.c4 Bg7 4.Nc3 d6 5.e4 O-O 6.Be2 e5 7.O-O Nc6 8.d5 Ne7
9.Nd2 a5 10.Rb1 Nd7 11.a3 f5 12.b4 Kh8 13.Qc2 axb4 14.axb4 Nf6 15.Bb2 c6
16.Bf3 fxe4 17.Bxe4 Nxe4 18.Ndxe4 cxd5 19.cxd5 Bf5 20.Qb3 Qb6 21.Bc1 Rfc8
22.Be3 Qd8 23.f3 h6 24.Nb5 Bxe4 25.fxe4 Qd7 26.Na7 Rf8 27.Rfc1 Nc8 28.Nxc8 Raxc8
29.b5 Rxc1+ 30.Rxc1 Rc8 31.Rc4 Rxc4 32.Qxc4 Kh7 33.b6 Bf8 34.Qc7 Qe7 35.h3 Kg7
36.Bd2 Kh7 37.Bb4 Kg8 38.Bd2 Kh7 39.Kh2 Kg7 40.Be1 Kg8 41.Bf2 Kh8 42.Qc8 Kg7
43.h4 Kg8 44.Kh3 Kg7 45.Be3 Kh7 46.Qc7 Kg7 47.Kg4 Kf7 48.h5 Kg7 49.Bd2 Kf7
50.Bb4 Kf6 51.Be1 Kg7 52.hxg6 Kxg6 53.Bh4 h5+ 54.Kh3 Qf7 55.Qc8 Bh6 56.Qe6+ Kg7
57.Qxd6 Qf1 58.Qxe5+ Kg6 59.Bg3 Qh1+ 60.Bh2 Qe1 61.Qf5+ Kg7 62.Be5+ Kg8 63.Qg6+  1-0

[Event "Teplice Open 2012"]
[Site "Teplice CZE"]
[Date "2012.06.20"]
[Round "5.6"]
[White "Carstensen,J"]
[Black "Kriebel,T"]
[Result "1/2-1/2"]
[WhiteElo "2305"]
[BlackElo "2390"]

1.d4 Nf6 2.c4 g6 3.Nc3 Bg7 4.e4 d6 5.Nf3 O-O 6.Be2 e5 7.O-O Nc6 8.d5 Ne7
9.b4 Ne8 10.c5 f5 11.Ng5 Nf6 12.f3 h6 13.Ne6 Bxe6 14.dxe6 d5 15.exd5 Nfxd5
16.Nxd5 Qxd5 17.Qxd5 Nxd5 18.Bc4 c6 19.Rd1 Rfe8 20.Bxd5 cxd5 21.Rxd5 e4 22.Rb1 Rxe6
23.Bb2 Bxb2 24.Rxb2 Rae8 25.fxe4 Rxe4 26.Rd7 R4e7 27.Rbd2 Kf7 28.Kf2 Rc8
29.R2d6 Rc6 30.a3 Rxd6 31.Rxd6 h5 32.h4 Kg7 33.g3 Kh6 34.c6 bxc6 35.Rxc6 a5
36.bxa5 Re5 37.a6 Ra5 38.Ke3 Rxa3+ 39.Kf4 Kg7 40.Rb6 Kh6 41.Ke5 Rxg3 42.Kf6 Ra3
43.Kf7 Kh7 44.Rxg6 f4 45.Rg7+ Kh6 46.Rg8 Kh7 47.Rg7+  1/2-1/2

[Event "Teplice Open 2012"]
[Site "Teplice CZE"]
[Date "2012.06.23"]
[Round "8.18"]
[White "Vales,V"]
[Black "Vykouk,Jan"]
[Result "1-0"]
[WhiteElo "2179"]
[BlackElo "1896"]

1.d4 Nf6 2.Nf3 g6 3.c4 Bg7 4.Nc3 d6 5.e4 O-O 6.Be2 e5 7.O-O Nc6 8.d5 Ne7
9.Nd2 a5 10.Rb1 Nd7 11.a3 f5 12.b4 b6 13.Qc2 Kh8 14.f3 f4 15.Na4 axb4 16.axb4 Ba6
17.Rf2 h5 18.c5 Bxe2 19.Rxe2 bxc5 20.bxc5 Rxa4 21.Qxa4 Nxc5 22.Qc2 c6 23.Ba3 cxd5
24.Bxc5 dxc5 25.Qxc5 dxe4 26.Rxe4 Qxd2 27.Qxe7 Rc8 28.Qb4 Qa2 29.Qb2 Qa7+
30.Kh1 Rd8 31.Qc2 Qa5 32.Ra4 Qd5 33.Re1 Qd6 34.Rc4 g5 35.Rc6 Qb4 36.Rb1 Qd4
37.Rc8 Rxc8 38.Qxc8+ Kh7 39.Qf5+ Kh6 40.h3 Qd6 41.Rc1 Qg6 42.Qd7 Bf6 43.Qe6 Bg7
44.Qc8 Bf6 45.Rc6 g4 46.Qf8+ Kg5 47.h4+ Kxh4 48.Qxf6+ Qxf6 49.Rxf6 Kg3 50.Re6 gxf3
51.gxf3 Kxf3 52.Rxe5 h4 53.Kh2 Kf2 54.Rh5 h3 55.Kxh3 f3 56.Rf5  1-0

[Event "65th ch-RUS HL"]
[Site "Tyumen RUS"]
[Date "2012.06.23"]
[Round "7"]
[White "Sergeev,Ve"]
[Black "Yevseev,D"]
[Result "0-1"]
[WhiteElo "2397"]
[BlackElo "2529"]

1.d4 Nf6 2.c4 g6 3.Nc3 Bg7 4.e4 d6 5.Nf3 O-O 6.Be2 e5 7.O-O Nc6 8.d5 Ne7
9.b4 Nh5 10.g3 f5 11.Ng5 Nf6 12.Bf3 fxe4 13.Ncxe4 Nf5 14.Bg2 Qe7 15.c5 Nd4
16.cxd6 cxd6 17.Nxf6+ Bxf6 18.Ne4 Bf5 19.Be3 Rac8 20.Rc1 Rxc1 21.Bxc1 Rc8
22.Be3 Rc4 23.a3 Bg7 24.Bxd4 Rxd4 25.Qe2 Qc7 26.g4 Bxe4 27.Bxe4 Bh6 28.g5 Bxg5
29.Qg4 Bf4 30.Re1 Kg7 31.Re2 Qf7 32.Kg2 b5 33.f3 h5 34.Qe6 Qxe6 35.dxe6 Kf6
36.Bc6 Kxe6 37.Bxb5 g5 38.h3 Rd1 39.Be8 d5 40.Bxh5 d4 41.Rf2 Ra1 42.Bg6 Rxa3
43.Rb2 d3 44.Kf2 Kd5 45.Bf7+ Kd4 46.Ra2 Rxa2+ 47.Bxa2 Kc3 48.Bb1 d2 49.Ke2 Kb2  0-1

[Event "20th Montcada Open"]
[Site "Montcada i Reixac ESP"]
[Date "2012.06.28"]
[Round "4.17"]
[White "Vigoa Apecheche,Yan"]
[Black "Lorenzo de la Riva,L"]
[Result "0-1"]
[WhiteElo "2279"]
[BlackElo "2422"]

1.d4 Nf6 2.Nf3 g6 3.c4 Bg7 4.Nc3 d6 5.e4 O-O 6.Be2 e5 7.O-O Nc6 8.d5 Ne7
9.Ne1 Nd7 10.Be3 f5 11.f3 f4 12.Bf2 g5 13.b4 Nf6 14.c5 Ng6 15.Rc1 Rf7 16.cxd6 cxd6
17.a4 h5 18.h3 Bf8 19.a5 Rg7 20.Nb5 g4 21.hxg4 hxg4 22.fxg4 Nxe4 23.Qd3 Nxf2
24.Rxf2 Nh8 25.Nc3 Be7 26.Ne4 Bh4 27.Rf1 Nf7 28.Qh3 Rh7 29.Qc3 Ng5 30.Nxg5 Bxg5
31.Qd3 Qf6 32.Bf3 Bh4 33.Be4 Rg7 34.Rxc8+ Rxc8 35.Bf5 Rc1 36.Nf3 Rgc7 37.Qb5 Rxf1+
38.Kxf1 e4 39.Qe8+ Kg7  0-1

[Event "TCh-CHN 2012"]
[Site "Taizhou CHN"]
[Date "2012.06.28"]
[Round "6"]
[White "Munguntuul,B"]
[Black "Wang Doudou"]
[Result "1-0"]
[WhiteElo "2451"]
[BlackElo "2186"]

1.d4 Nf6 2.c4 g6 3.Nc3 Bg7 4.e4 d6 5.Nf3 O-O 6.Be2 e5 7.O-O Nc6 8.d5 Ne7
9.Bd2 c5 10.Rb1 Ne8 11.b4 b6 12.a4 f5 13.a5 Nf6 14.axb6 axb6 15.bxc5 bxc5
16.Ng5 h6 17.Ne6 Bxe6 18.dxe6 Qc8 19.Bf3 Qxe6 20.exf5 Nxf5 21.Bxa8 Rxa8 22.Qb3 Nd4
23.Qb7 Rf8 24.Nd5 Nxd5 25.cxd5 Qg4 26.Kh1 e4 27.Qc7 Qe2 28.Be3 Nc2 29.Rg1 Nxe3
30.fxe3 Qh5 31.Qxd6 Be5 32.Qe6+ Kh8 33.h3 Qg5 34.Rgf1 Rg8 35.g4 c4 36.d6 Bg7
37.Qxe4 c3 38.d7 c2 39.Rbc1 Qh4 40.Kg2 Qd8 41.Rf7 Qb6 42.Rxc2 Qd6 43.Qe8 Qd5+
44.Rf3 Kh7 45.e4 Qd1 46.Rc8 Qd2+ 47.Rf2  1-0

[Event "7th Vladimir Dvorkovich Cup"]
[Site "Moscow RUS"]
[Date "2012.06.29"]
[Round "1.15"]
[White "Xu,Yinglun"]
[Black "Golubov,Saveliy"]
[Result "1-0"]
[WhiteElo "2216"]
[BlackElo "2094"]

1.d4 Nf6 2.c4 g6 3.Nc3 Bg7 4.e4 d6 5.Nf3 O-O 6.Be2 e5 7.O-O Nc6 8.d5 Ne7
9.Ne1 Nd7 10.Nd3 f5 11.Bd2 Nf6 12.f3 f4 13.c5 g5 14.Rc1 Ng6 15.Nb5 Rf7 16.Ba5 a6
17.Nxd6 Rf8 18.Nxc8 Qxc8 19.Bc3 Re8 20.Nf2 Bf8 21.b4 h5 22.Qb3 Kh7 23.Rfd1 Bh6
24.d6 Rf8 25.Nd3 Nd7 26.dxc7 Qxc7 27.Nb2 g4 28.Be1 Nf6 29.Nc4 Nxe4 30.Bd3 Nf6
31.Bxg6+ Kxg6 32.Qd3+ Kg7 33.Bc3 Rae8 34.Qf5 gxf3 35.Bxe5 f2+ 36.Kf1  1-0

[Event "Mukachevo Summer Open"]
[Site "Mukachevo UKR"]
[Date "2012.06.29"]
[Round "7.2"]
[White "Nechaev,An"]
[Black "Bernadskiy,V"]
[Result "1/2-1/2"]
[WhiteElo "2423"]
[BlackElo "2473"]

1.d4 Nf6 2.c4 g6 3.Nc3 Bg7 4.e4 d6 5.Be2 O-O 6.Nf3 e5 7.O-O Nc6 8.d5 Ne7
9.Ne1 Nd7 10.Nd3 f5 11.Bd2 Kh8 12.Rc1 Nf6 13.f3 c5 14.Rb1 f4 15.b4 b6 16.bxc5 bxc5
17.Rb2 g5 18.g4 h5 19.h3 Rf7 20.Qa4 Bd7 21.Qa6 Bc8 22.Qa4 Bd7 23.Qa3 Nc8
24.Qa6 Nb6 25.Nf2 Bf8 26.Nb5 Bc8 27.Qa3 hxg4 28.hxg4 Rh7 29.Rfb1 Nfd7 30.Ba5 Qf6
31.Kg2 Be7 32.Bxb6 Nxb6 33.Nxd6 Nxd5 34.cxd5 Bxd6 35.Bc4 Kg7 36.Qc3 Kg6 37.Rh1 Rxh1
38.Nxh1 Rb8 39.Nf2 Rb6 40.Rxb6 axb6 41.Qb2 Qd8 42.Nd1 Bd7 43.Nc3 Kf6 44.Bb5 Bc8
45.Bc4 Bd7 46.Kg1 Kg7 47.Bb5 Bc8 48.Qh2 c4 49.Bxc4 Qc7 50.Qe2 Ba6  1/2-1/2

[Event "XXI Adolf Anderssen Mem Prelim"]
[Site "Wroclaw POL"]
[Date "2012.06.30"]
[Round "4"]
[White "Arutinian,D"]
[Black "Kislov,M"]
[Result "1/2-1/2"]
[WhiteElo "2561"]
[BlackElo "2330"]

1.c4 Nf6 2.Nf3 g6 3.Nc3 Bg7 4.e4 d6 5.d4 O-O 6.Be2 e5 7.O-O Nc6 8.d5 Ne7
9.Ne1 Nd7 10.Nd3 a5 11.Bd2 b6 12.a3 Nc5 13.Qc2 f5 14.f3 Bd7 15.b4 fxe4 16.fxe4 axb4
17.axb4 Nxd3 18.Bxd3 Kh8 19.c5 bxc5 20.bxc5 dxc5 21.Be3 Rxa1 22.Rxa1 Nc8
23.Nd1 Nd6 24.Qxc5 Qb8 25.Rb1 Qd8 26.Rc1 Ne8 27.Nf2 Rf7 28.h3 h5 29.Qa5 Bf8
30.Bc5 Qg5 31.Qe1 Bh6 32.Ra1 Qg3 33.Qe2 Bf4 34.Kf1 Qh2 35.Qf3 Kg7 36.Ke2 Bg3
37.Rh1 Rxf3 38.Kxf3 Bxf2 39.Rxh2 Bxc5 40.Rh1  1/2-1/2